[Event "GM"]
[Site "?"]
[Date "1992.??.??"]
[Round "9"]
[White "Ljubojevic Ljubomir"]
[Black "Gelfand Boris"]
[Result "1/2-1/2"]
[WhiteElo "2610"]
[BlackElo "2665"]
[PlyCount "162"]
[EventDate "1992.??.??"]
[Source "www.chesslib.no"]
[SourceDate "2004.05.04"]

1. e4 c5 2. Nc3 d6 3. g3 Nc6 4. Bg2 g6 5. d3 Bg7 6. Be3 Rb8 7. Qd2 b5 8. f4 b4 9. Nd1 e6 10. Nf3 Nd4 11. Nh4 Ne7 12. O-O f5 13. c3 bxc3 14. bxc3 Ndc6 15. exf5 exf5 16. g4 O-O 17. gxf5 Bxf5 18. Nxf5 Rxf5 19. Qe2 Rf8 20. Bd2 Qd7 21. Ne3 d5 22. Ng4 Rb2 23. Bh3 Nf5 24. Rfb1 Rfb8 25. Qe1 Qe7 26. Qc1 Rxb1 27. Rxb1 Re8 28. Bg2 Qd7 29. Qd1 Nh4 30. Bh1 h5 31. Nf2 Kh8 32. Kf1 Ne7 33. Qb3 d4 34. cxd4 cxd4 35. Qb5 Qxb5 36. Rxb5 Nef5 37. Ne4 Ne3+ 38. Ke2 Nhf5 39. Rb7 Nd5 40. Rxa7 Nc3+ 41. Kf2 Rb8 42. Ng5 Rb2 43. Ra8+ Bf8 44. Rxf8+ Kg7 45. Ne6+ Kh7 46. Be4 Rxd2+ 47. Kf3 Rxh2 48. a3 Rh3+ 49. Kg2 Rg3+ 50. Kh2 h4 51. Bxf5 gxf5 52. Nc5 Ne2 53. Rxf5 Rf3 54. Kg2 Rxf4 55. Rxf4 Nxf4+ 56. Kf3 h3 57. Kg3 Kg6 58. a4 Kf7 59. a5 Ke7 60. a6 Nd5 61. a7 Nb6 62. Kxh3 Kd6 63. Na4 Na8 64. Kg4 Kc6 65. Kf5 Kb7 66. Ke5 Kxa7 67. Kxd4 Nc7 68. Nc3 Kb7 69. Ke5 Na6 70. d4 Nb4 71. Ke6 Kc6 72. Ne2 Nd5 73. Ke5 Nb4 74. Ke6 Nd5 75. Nc1 Nf4+ 76. Ke5 Ng6+ 77. Ke4 Kd6 78. Nb3 Ne7 79. Na5 Ke6 80. Nb7 Kd7 81. d5 Nxd5 1/2-1/2

[Event "Deutschland 72/146"]
[Site "?"]
[Date "1997.??.??"]
[Round "?"]
[White "Adams, Michael"]
[Black "Sax, Gyula"]
[Result "1-0"]
[WhiteElo "2680"]
[BlackElo "2570"]
[PlyCount "61"]
[EventDate "1997.??.??"]
[Source "ChessBase"]
[SourceDate "1998.02.01"]

1. e4 c5 2. Nc3 Nc6 3. g3 g6 4. Bg2 Bg7 5. d3 d6 6. Be3 Rb8 7. Qd2 b5 8. Nge2 Nd4 9. O-O b4 10. Nd1 Qc7 11. Nc1 Nf6 12. c3 bxc3 13. bxc3 Nc6 14. Bh6 O-O 15. Bxg7 Kxg7 16. Ne3 e5 17. f4 Ne7 18. Ne2 Bb7 19. g4 h6 20. h4 exf4 21. Rxf4 Neg8 22. Raf1 Qe7 23. Ng3 Bc8 24. Qf2 Be6 25. g5 hxg5 26. hxg5 Nh7 27. Nef5+ gxf5 28. exf5 Qxg5 29. Ne4 Qd8 30. fxe6 fxe6 31. Qg3+ 1-0

[Event "Vienna op"]
[Site "Vienna"]
[Date "1986.??.??"]
[Round "?"]
[White "Karpov, Anatoly"]
[Black "Ftacnik, Lubomir"]
[Result "1/2-1/2"]
[WhiteElo "2700"]
[BlackElo "2515"]
[PlyCount "43"]
[EventDate "1986.01.??"]
[Source "ChessBase"]

1. e4 c5 2. Nc3 d6 3. g3 Nc6 4. Bg2 g6 5. d3 Bg7 6. Be3 e6 7. Qd2 Rb8 8. Nge2 Nd4 9. O-O Ne7 10. Rab1 Nec6 11. a3 b5 12. b4 O-O 13. f4 cxb4 14. axb4 Qc7 15. Rf2 a5 16. Nxd4 Nxd4 17. bxa5 Qxa5 18. Nd5 Qxd2 19. Ne7+ Kh8 20. Rxd2 b4 21. Nxc8 Rfxc8 22. Bxd4 1/2-1/2

[Event "Hrvatska"]
[Site "?"]
[Date "1993.??.??"]
[Round "?"]
[White "Romanishin, O."]
[Black "Kozul, Z."]
[Result "1-0"]
[WhiteElo "2615"]
[BlackElo "2595"]
[PlyCount "67"]
[EventDate "1993.??.??"]
[Source "ChessBase"]
[SourceDate "1993.06.01"]

1. e4 c5 2. Nc3 Nc6 3. g3 g6 4. Bg2 Bg7 5. d3 d6 6. Be3 e5 7. Qd2 Nge7 8. f4 O-O 9. Nf3 Bg4 10. O-O Bxf3 11. Bxf3 exf4 12. Bxf4 Nd4 13. Bg2 Qb6 14. Rab1 c4 15. Kh1 cxd3 16. Qxd3 Qc5 17. Be3 Nec6 18. a3 Qh5 19. Qd2 Ne6 20. Nd5 Ne5 21. b3 Ng4 22. Bf3 Qh3 23. Bg1 Kh8 24. Bg2 Qh5 25. Qd1 f5 26. exf5 gxf5 27. Ne3 Be5 28. Bxb7 Rae8 29. Bf3 Rg8 30. Bd5 Rg5 31. Nxg4 fxg4 32. Qd3 Nc5 33. Bxc5 dxc5 34. Bf7 1-0

[Event "Cup Russia"]
[Site "Serpukhov RUS"]
[Date "2007.11.07"]
[Round "2.1"]
[White "Chuprov, D."]
[Black "Kobalia, M."]
[Result "1-0"]
[WhiteElo "2557"]
[BlackElo "2631"]
[PlyCount "53"]
[EventDate "2007.11.05"]
[Source "www.chesslib.no"]
[SourceDate "2004.05.04"]

1. e4 c5 2. Nc3 e6 3. g3 Nc6 4. Bg2 g6 5. d3 Bg7 6. Be3 d6 7. Qd2 Rb8 8. Nge2 Nd4 9. O-O Qa5 10. Rab1 Ne7 11. b4 cxb4 12. Bxd4 bxc3 13. Qe3 O-O 14. Bxa7 Ra8 15. Bd4 Qxa2 16. Bxg7 Kxg7 17. Nxc3 Qa7 18. Rb6 Rd8 19. Nb5 Qb8 20. f4 Ra6 21. Rb1 f6 22. c4 Nc6 23. e5 d5 24. cxd5 exd5 25. exf6+ Kxf6 26. Qd4+ Kf7 27. Bxd5+ 1-0

[Event "TCh-CRO"]
[Site "?"]
[Date "2003.09.15"]
[Round "9"]
[White "Hracek Zbynek"]
[Black "Kozul Zdenko"]
[Result "1/2-1/2"]
[WhiteElo "2584"]
[BlackElo "2596"]
[PlyCount "22"]
[EventDate "2003.??.??"]
[Source "www.chesslib.no"]
[SourceDate "2004.05.04"]

1. e4 c5 2. Nc3 Nc6 3. g3 g6 4. Bg2 Bg7 5. d3 d6 6. Be3 e5 7. f4 Nge7 8. Nf3 O-O 9. O-O Bg4 10. Qd2 Bxf3 11. Bxf3 Nd4 1/2-1/2

[Event "Corr"]
[Site "?"]
[Date "1999.06.30"]
[Round "?"]
[White "Rittner Horst Robert (GER)"]
[Black "Soltau Achim"]
[Result "1/2-1/2"]
[WhiteElo "2601"]
[BlackElo "2577"]
[PlyCount "125"]
[EventDate "1999.??.??"]
[Source "www.chesslib.no"]
[SourceDate "2004.05.04"]

1. e4 c5 2. Nc3 Nc6 3. g3 g6 4. Bg2 Bg7 5. d3 d6 6. Be3 Rb8 7. Qd2 b5 8. Nf3 b4 9. Nd1 Nd4 10. Nh4 e5 11. O-O Ne6 12. b3 Ne7 13. a3 a5 14. Bh6 O-O 15. Bxg7 Kxg7 16. axb4 axb4 17. Ne3 Nd4 18. Nf3 Nb5 19. Nh4 Kh8 20. Nc4 f6 21. Kh1 g5 22. Nf3 Nc6 23. Ne3 Be6 24. Ra6 Ra8 25. Rxa8 Qxa8 26. Ne1 Ncd4 27. f4 Qd8 28. fxg5 fxg5 29. Rxf8+ Qxf8 30. Kg1 Nc3 31. Qf2 Qxf2+ 32. Kxf2 g4 33. Bf1 h5 34. Bg2 Kg7 35. Bf1 Kf6 36. Kg2 Kg5 37. Kf2 Kf6 38. Kg2 d5 39. exd5 Nxd5 40. Nd1 h4 41. gxh4 Kg6 42. Kf2 Kh5 43. Kg3 Ne7 44. Bg2 Nef5+ 45. Kf2 Kxh4 46. Nb2 Nd6 47. Na4 Nxc2 48. Nxc5 Nxe1 49. Kxe1 Bc8 50. Ke2 Kg5 51. Bd5 Nf5 52. Kf2 Nd4 53. Ke3 Kh4 54. Bg2 Ne6 55. Nxe6 Bxe6 56. d4 Bxb3 57. dxe5 Be6 58. Kd4 Kg5 59. Bf1 Kf4 60. Be2 b3 61. Kc3 Kxe5 62. Bxg4 Bxg4 63. Kxb3 1/2-1/2

[Event "London"]
[Site "London London"]
[Date "1982.??.??"]
[Round "?"]
[White "Ljubojevic, Ljubomir"]
[Black "Miles, Anthony J"]
[Result "1-0"]
[WhiteElo "2600"]
[BlackElo "2575"]
[PlyCount "23"]
[EventDate "1982.??.??"]
[Source "www.chesslib.no"]
[SourceDate "2004.05.04"]

1. e4 c5 2. Nc3 Nc6 3. g3 g6 4. Bg2 Bg7 5. d3 d6 6. Be3 b5 7. e5 Bb7 8. exd6 exd6 9. Nxb5 Nge7 10. Nc3 Qb6 11. Rb1 Ne5 12. Bxc5 1-0

[Event "Rubinstein mem"]
[Site "Polanica Zdroj"]
[Date "1993.??.??"]
[Round "10"]
[White "Romanishin, Oleg M"]
[Black "Kuczynski, Robert"]
[Result "1/2-1/2"]
[WhiteElo "2615"]
[BlackElo "2520"]
[PlyCount "63"]
[EventDate "1993.08.??"]
[Source "ChessBase"]

1. e4 c5 2. Nc3 Nc6 3. g3 g6 4. Bg2 Bg7 5. d3 d6 6. Be3 Rb8 7. Qd2 b5 8. f4 b4 9. Nd1 e6 10. Nf3 Nd4 11. O-O Ne7 12. Nh4 O-O 13. c3 bxc3 14. bxc3 Nb5 15. a4 Nc7 16. d4 cxd4 17. Bxd4 Bxd4+ 18. cxd4 f5 19. Ne3 Bb7 20. exf5 gxf5 21. Rfe1 Qd7 22. Nf3 h6 23. Nh4 Bxg2 24. Qxg2 Ned5 25. Nxd5 Nxd5 26. Qe2 Rfe8 27. Qh5 Qh7 28. Rab1 Nf6 29. Qe2 Rbc8 30. Qa6 Qd7 31. Rb7 Rc7 32. Rb2 1/2-1/2

[Event "Pappier Memorial A"]
[Site "?"]
[Date "1998.??.??"]
[Round "?"]
[White "Blasberg Gabriel S"]
[Black "Al Thani Mohammed Bin Khalid"]
[Result "1/2-1/2"]
[WhiteElo "2505"]
[BlackElo "2630"]
[PlyCount "33"]
[EventDate "1998.??.??"]
[Source "www.chesslib.no"]
[SourceDate "2004.05.04"]

1. e4 c5 2. Nc3 Nc6 3. g3 g6 4. Bg2 Bg7 5. d3 d6 6. Be3 e5 7. Qd2 Be6 8. f4 exf4 9. Bxf4 Nd4 10. Nf3 Nxf3+ 11. Bxf3 Ne7 12. Bh6 Be5 13. O-O Qd7 14. Bg2 Ng8 15. Be3 Ne7 16. Bh6 Ng8 17. Be3 1/2-1/2

[Event "otb"]
[Site "otb"]
[Date "2007.05.09"]
[Round "8"]
[White "Krapivin Alexander"]
[Black "Miroshnichenko Evgenij"]
[Result "0-1"]
[WhiteElo "2486"]
[BlackElo "2646"]
[PlyCount "106"]
[Source "www.chesslib.no"]
[SourceDate "2004.05.04"]

1. e4 c5 2. Nc3 Nc6 3. g3 g6 4. Bg2 Bg7 5. d3 Rb8 6. Be3 d6 7. Qd2 b5 8. f4 b4 9. Nd1 Bg4 10. Nf3 e6 11. O-O Nge7 12. h3 Bxf3 13. Bxf3 Qc7 14. Bg2 O-O 15. c3 bxc3 16. bxc3 f5 17. Rc1 Kh8 18. exf5 gxf5 19. Bf2 Ng6 20. d4 cxd4 21. cxd4 d5 22. Nc3 Qd6 23. Rfd1 Nge7 24. Qe2 Rb4 25. Qa6 Qd7 26. Rb1 Rxb1 27. Rxb1 Bxd4 28. Bxd4+ Nxd4 29. Kh2 Rc8 30. Rb7 Rc7 31. Rxc7 Qxc7 32. Nxd5 Nxd5 33. Bxd5 exd5 34. Qf6+ Kg8 35. Qxd4 Qc2+ 36. Kh1 Qb1+ 37. Qg1 Qxg1+ 38. Kxg1 h5 39. Kf2 Kf7 40. Ke3 Ke7 41. Kd3 Kd7 42. Kc3 Kc6 43. Kd4 Kd6 44. h4 Kc6 45. Ke5 Kc5 46. Kxf5 d4 47. Kg6 d3 48. f5 d2 49. f6 d1=Q 50. f7 Qf3 51. Kg7 Qxg3+ 52. Kh7 Qf2 53. Kg7 Qb2+ 0-1

[Event "WchT 3rd"]
[Site "Luzern"]
[Date "1993.??.??"]
[Round "1"]
[White "Romanishin, Oleg M"]
[Black "Stefansson, Hannes"]
[Result "1-0"]
[WhiteElo "2615"]
[BlackElo "2500"]
[PlyCount "71"]
[EventDate "1993.10.??"]
[Source "ChessBase"]

1. e4 c5 2. Nc3 Nc6 3. g3 g6 4. Bg2 Bg7 5. d3 d6 6. Be3 Rb8 7. f4 Nd4 8. Nf3 Bg4 9. O-O e6 10. Qd2 Bxf3 11. Bxf3 Ne7 12. Bg2 O-O 13. Nd1 Qd7 14. c3 Ndc6 15. Bf2 f5 16. exf5 gxf5 17. Ne3 Kh8 18. Nc2 b6 19. d4 cxd4 20. Nxd4 Nxd4 21. Bxd4 e5 22. Bxe5 Bxe5 23. fxe5 Rbd8 24. Rad1 d5 25. Qh6 Qb5 26. Rd2 Qc5+ 27. Kh1 Ng6 28. e6 Rf6 29. Qg5 Qe7 30. Rxd5 Rxd5 31. Bxd5 f4 32. c4 b5 33. cxb5 Qf8 34. Rxf4 Rxf4 35. gxf4 Qc5 36. e7 1-0

[Event "Moscow RUS"]
[Site "Moscow RUS"]
[Date "1984.??.??"]
[Round "?"]
[White "Romanishin, Oleg M"]
[Black "Balashov, Yuri S"]
[Result "0-1"]
[WhiteElo "2580"]
[BlackElo "2535"]
[PlyCount "98"]
[EventDate "1984.??.??"]
[Source "www.chesslib.no"]
[SourceDate "2004.05.04"]

1. e4 c5 2. Nc3 Nc6 3. g3 g6 4. Bg2 Bg7 5. d3 d6 6. Nh3 e6 7. O-O Nge7 8. Be3 O-O 9. Qd2 Nd4 10. Bh6 Bxh6 11. Qxh6 f6 12. Qd2 e5 13. Kh1 Be6 14. f4 Qd7 15. Ng1 Rae8 16. Rf2 Kg7 17. Raf1 b6 18. Nd1 exf4 19. Rxf4 d5 20. Nc3 dxe4 21. Nxe4 Nd5 22. R4f2 f5 23. Ng5 Bg8 24. c3 Nc6 25. Re1 Rxe1 26. Qxe1 Re8 27. Re2 Rxe2 28. Qxe2 Qe7 29. N5h3 Qxe2 30. Nxe2 Ne5 31. Nf2 Ne3 32. b3 Nxg2 33. Kxg2 Bd5+ 34. Kf1 g5 35. h3 Nf3 36. Nd1 Kf6 37. Kf2 Bb7 38. Ke3 h5 39. d4 h4 40. gxh4 cxd4+ 41. Nxd4 Nxh4 42. Nf2 Ng2+ 43. Kd2 Nf4 44. c4 Bg2 45. Nb5 Nxh3 46. Nd3 Be4 47. Nxa7 g4 48. Nb5 g3 49. Ne1 g2 0-1

[Event "Jurmala"]
[Site "Jurmala"]
[Date "1983.??.??"]
[Round "8"]
[White "Romanishin, Oleg M"]
[Black "Lerner, Konstantin Z"]
[Result "1/2-1/2"]
[WhiteElo "2585"]
[BlackElo "2525"]
[PlyCount "64"]
[EventDate "1983.06.??"]
[Source "ChessBase"]

1. e4 c5 2. Nc3 Nc6 3. g3 g6 4. Bg2 Bg7 5. d3 e6 6. Be3 d6 7. Qd2 Rb8 8. Nge2 Nd4 9. O-O b5 10. a3 Ne7 11. Bh6 O-O 12. Bxg7 Kxg7 13. Nxd4 cxd4 14. Ne2 e5 15. Rac1 a5 16. c3 dxc3 17. Rxc3 b4 18. Rc2 bxa3 19. bxa3 Ba6 20. Rfc1 Rb3 21. d4 Rd3 22. Qe1 Rxa3 23. Bf1 Bd3 24. Rc3 Rxc3 25. Qxc3 Bxe2 26. Bxe2 Qc8 27. Qa1 Qe6 28. Rc7 Rc8 29. dxe5 dxe5 30. Bg4 Qxg4 31. Qxe5+ Kg8 32. Rxe7 Qf3 1/2-1/2

[Event "ESP Team Ch"]
[Site "Oropesa del Mar ESP"]
[Date "1996.??.??"]
[Round "8"]
[White "Spraggett, Kevin B"]
[Black "Vaisser, Anatoli V"]
[Result "1/2-1/2"]
[WhiteElo "2545"]
[BlackElo "2565"]
[PlyCount "93"]
[EventDate "1996.??.??"]
[Source "www.chesslib.no"]
[SourceDate "2004.05.04"]

1. e4 c5 2. Nc3 Nc6 3. g3 g6 4. Bg2 Bg7 5. d3 d6 6. Be3 e6 7. Qd2 Qa5 8. Nge2 Nd4 9. Nc1 Ne7 10. O-O Rb8 11. Nb3 Qb6 12. Nd1 O-O 13. Nc1 a5 14. c3 Ndc6 15. Bh6 e5 16. Bxg7 Kxg7 17. Ne3 f5 18. f4 exf4 19. gxf4 Be6 20. Ne2 c4 21. d4 fxe4 22. Bxe4 d5 23. f5 Nxf5 24. Bxf5 gxf5 25. Nf4 Rbe8 26. Rae1 Nd8 27. Nexd5 Bxd5 28. Nxd5 Qg6+ 29. Kh1 Qc6 30. Qg2+ Kh8 31. Rg1 Rg8 32. Rxe8 Qxe8 33. Qxg8+ Qxg8 34. Rxg8+ Kxg8 35. Ne7+ Kf7 36. Nxf5 Ke6 37. Ne3 b5 38. a4 bxa4 39. Nxc4 Kd5 40. Nb6+ Ke4 41. Nxa4 Kd3 42. Kg2 Kc2 43. d5 Kb3 44. Nb6 Nb7 45. Kf3 Kxb2 46. Nc4+ Kxc3 47. Nxa5 1/2-1/2

[Event "JUG-ch"]
[Site "Vrbas"]
[Date "1982.??.??"]
[Round "?"]
[White "Ljubojevic, Ljubomir"]
[Black "Ivanovic, Bozidar"]
[Result "1/2-1/2"]
[WhiteElo "2600"]
[BlackElo "2485"]
[PlyCount "59"]
[EventDate "1982.??.??"]
[Source "ChessBase"]

1. e4 c5 2. Nc3 Nc6 3. g3 g6 4. Bg2 Bg7 5. d3 d6 6. Be3 e5 7. Qd2 Nge7 8. f4 f5 9. Nf3 Nd4 10. O-O O-O 11. Rae1 Nxf3+ 12. Bxf3 Qc7 13. Nb5 Qb6 14. c4 Be6 15. fxe5 Bxe5 16. b4 fxe4 17. Bxe4 Rxf1+ 18. Rxf1 a6 19. bxc5 dxc5 20. Nc3 Qb4 21. Nb1 Nf5 22. Qxb4 cxb4 23. Bc5 Rc8 24. Bxb4 b5 25. Bc3 Bxc3 26. Nxc3 bxc4 27. Nd5 Rc5 28. dxc4 Rxc4 29. Rb1 Nd6 30. Bf3 1/2-1/2

[Event "Moscow (ol)"]
[Site "?"]
[Date "1994.??.??"]
[Round "?"]
[White "Giorgadze, G."]
[Black "Olafsson, H."]
[Result "1-0"]
[WhiteElo "2565"]
[BlackElo "2520"]
[PlyCount "87"]
[EventDate "1994.??.??"]
[Source "ChessBase"]
[SourceDate "1994.10.01"]

1. e4 c5 2. Nc3 Nc6 3. g3 g6 4. Bg2 Bg7 5. d3 d6 6. Be3 b6 7. f4 Bb7 8. Nf3 Qd7 9. O-O Nh6 10. h3 f5 11. Qd2 O-O-O 12. Rad1 e6 13. Rfe1 Rhe8 14. Bf2 Nf7 15. a3 e5 16. Nd5 Nd4 17. Nxd4 exd4 18. exf5 Bxd5 19. Bxd5 Qxf5 20. Bg2 g5 21. Re4 gxf4 22. Qxf4 Qxf4 23. gxf4 Bh6 24. Rde1 Rg8 25. Re7 Rd7 26. Bh4 Nd8 27. Rxd7 Kxd7 28. Re7+ Kc8 29. f5 Be3+ 30. Kh1 Bg5 31. Rxh7 Bxh4 32. Rxh4 Rg5 33. Bf3 Nf7 34. Rh7 Ne5 35. Be4 a5 36. f6 Kd8 37. Kh2 Nd7 38. Rh8+ Kc7 39. f7 d5 40. h4 Re5 41. Bg6 Re6 42. Bf5 Rf6 43. Bxd7 Rxf7 44. Ba4 1-0

[Event "URS Team Ch"]
[Site "Nabereznye Chelny"]
[Date "1988.??.??"]
[Round "?"]
[White "Balashov, Yuri S"]
[Black "Pigusov, Evgeny A"]
[Result "1/2-1/2"]
[WhiteElo "2555"]
[BlackElo "2525"]
[PlyCount "40"]
[EventDate "1988.??.??"]
[Source "www.chesslib.no"]
[SourceDate "2004.05.04"]

1. e4 c5 2. Nc3 Nc6 3. g3 g6 4. Bg2 Bg7 5. d3 Rb8 6. Be3 d6 7. Qd2 b5 8. Nge2 Nd4 9. O-O b4 10. Nd1 e6 11. Nc1 Ne7 12. a3 a5 13. axb4 axb4 14. c3 bxc3 15. bxc3 Ndc6 16. Bh6 O-O 17. Bxg7 Kxg7 18. Ne3 d5 19. Qc2 d4 20. cxd4 cxd4 1/2-1/2

[Event "Elista ol (Men)"]
[Site "Elista"]
[Date "1998.09.30"]
[Round "2"]
[White "Vescovi, Giovanni P"]
[Black "Ljubojevic, Ljubomir"]
[Result "0-1"]
[WhiteElo "2525"]
[BlackElo "2550"]
[PlyCount "162"]
[EventDate "1998.09.29"]
[Source "ChessBase"]
[SourceDate "1998.11.06"]

1. e4 e6 2. d3 c5 3. g3 Nc6 4. Bg2 g6 5. Nc3 Bg7 6. Be3 d6 7. Qd2 Rb8 8. h4 Nf6 9. Bh6 Bxh6 10. Qxh6 Nd4 11. Qd2 Qa5 12. Nge2 Bd7 13. O-O O-O 14. a3 Kg7 15. Rab1 h6 16. b4 Qxa3 17. Nxd4 cxd4 18. Ne2 Rfc8 19. Rfc1 e5 20. Ra1 Qb2 21. Rab1 Qa2 22. Ra1 Qe6 23. Rxa7 d5 24. exd5 Nxd5 25. Ra5 Bc6 26. Rb1 b6 27. Ra3 Nf6 28. c3 Bxg2 29. Kxg2 dxc3 30. Nxc3 Rb7 31. Qe2 Rbc7 32. Rbb3 Rc6 33. Qf3 Rd6 34. Ne4 Nxe4 35. dxe4 Rd4 36. h5 gxh5 37. Qxh5 Rxe4 38. Rf3 Qg6 39. Qh1 Rc7 40. Qd1 Rd4 41. Qe1 Qd6 42. Rae3 Rd1 43. Rd3 Rxd3 44. Rxd3 Qxd3 45. Qxe5+ Kg6 46. Qxc7 Qe4+ 47. Kh2 Qxb4 48. Qb8 Qc5 49. Qg8+ Kf6 50. f4 h5 51. Qh8+ Ke7 52. Qb8 b5 53. Kh3 Qf5+ 54. Kh2 Qd5 55. Kg1 Qc5+ 56. Kh2 b4 57. Kh3 Qf5+ 58. Kh2 Qc5 59. Kh3 Qd6 60. Qh8 Qe6+ 61. Kh2 Qe2+ 62. Kh3 b3 63. Qb8 b2 64. Qc7+ Kf8 65. Qc5+ Qe7 66. Qb5 Qf6 67. Qb4+ Kg8 68. Qb8+ Kg7 69. Qb5 Kh6 70. Kg2 h4 71. g4 Qxf4 72. Qxb2 Qxg4+ 73. Kh2 Qg3+ 74. Kh1 Qf3+ 75. Kh2 Kg6 76. Qb1+ Kg5 77. Qb5+ Qf5 78. Qe2 Qf4+ 79. Kh1 h3 80. Qd3 Kg4 81. Qd7+ Kg3 0-1

[Event "JUG-ch"]
[Site "JUG"]
[Date "1989.??.??"]
[Round "?"]
[White "Todorcevic, Miodrag"]
[Black "Damljanovic, Branko"]
[Result "0-1"]
[WhiteElo "2535"]
[BlackElo "2530"]
[PlyCount "120"]
[EventDate "1989.02.??"]
[Source "ChessBase"]

1. e4 c5 2. d3 Nc6 3. g3 g6 4. Bg2 Bg7 5. Nc3 d6 6. Be3 b6 7. Qd2 Bb7 8. f4 Nf6 9. h3 O-O 10. Nge2 Re8 11. f5 d5 12. Nxd5 Nxd5 13. exd5 Nd4 14. Bxd4 cxd4 15. Nf4 Qd6 16. O-O Rac8 17. fxg6 hxg6 18. Rf2 Bh6 19. Raf1 Rf8 20. Kh2 Bxd5 21. Bxd5 e5 22. Bb3 exf4 23. gxf4 Rce8 24. Qd1 Re3 25. Qg4 Kg7 26. Rf3 f5 27. Qg3 Rfe8 28. h4 Rxf3 29. Qxf3 Re3 30. Qb7+ Re7 31. Qc8 Bxf4+ 32. Kh1 Qb8 33. Qc6 Be3 34. h5 Qg3 35. Qxg6+ Qxg6 36. hxg6 Kxg6 37. Kg2 Kg5 38. c4 Rg7 39. Bd1 a5 40. Bf3 Kf4+ 41. Kh2 Rh7+ 42. Kg2 Rg7+ 43. Kh2 Bg1+ 44. Kh1 Ke3 45. Bg2 Bf2 46. Bh3 Kf3 47. Kh2 Rh7 48. b3 f4 49. a3 Ke2 50. Rb1 Kf3 51. Rf1 Ke3 52. b4 axb4 53. axb4 f3 54. c5 bxc5 55. bxc5 Rh6 56. Rc1 Kf4 57. Rh1 Ra6 58. Rf1 Ra2 59. c6 Be3+ 60. Kh1 Kg3 0-1

[Event "Corr"]
[Site "corr"]
[Date "1994.??.??"]
[Round "?"]
[White "Demkov, MikhailGrigorievich"]
[Black "Korolev, Sergey Ivanovich"]
[Result "0-1"]
[WhiteElo "2420"]
[BlackElo "2645"]
[PlyCount "50"]
[EventDate "1994.??.??"]
[Source "www.chesslib.no"]
[SourceDate "2004.05.04"]

1. e4 c5 2. Nc3 Nc6 3. g3 g6 4. Bg2 Bg7 5. d3 e6 6. Be3 d6 7. Qd2 h5 8. Nh3 Nf6 9. O-O Ng4 10. Nd1 Nxe3 11. Qxe3 h4 12. c3 e5 13. f4 hxg3 14. f5 gxh2+ 15. Kh1 Qh4 16. Qf3 Bd7 17. Ne3 O-O-O 18. a3 Bh6 19. Nc4 Kc7 20. b4 Rdg8 21. b5 Nd8 22. a4 gxf5 23. exf5 Bf8 24. Nf2 Rg3 25. Qe4 Qg5 0-1

[Event "Sukhumi"]
[Site "Sukhumi GEO"]
[Date "1972.08.27"]
[Round "9"]
[White "Suttles, Duncan"]
[Black "Savon, Vladimir A"]
[Result "0-1"]
[WhiteElo "2470"]
[BlackElo "2595"]
[PlyCount "114"]
[EventDate "1972.08.16"]
[Source "www.chesslib.no"]
[SourceDate "2004.05.04"]

1. e4 c5 2. Nc3 g6 3. g3 Nc6 4. Bg2 Bg7 5. d3 d6 6. Be3 Rb8 7. Qd2 b5 8. f4 b4 9. Nd1 e6 10. Nf3 Nge7 11. O-O O-O 12. Kh1 a5 13. Qf2 f5 14. h3 e5 15. Nd2 Nd4 16. Bxd4 cxd4 17. a3 fxe4 18. Nxe4 d5 19. Ng5 e4 20. axb4 h6 21. Nxe4 dxe4 22. dxe4 Rxb4 23. Qd2 Qc7 24. c3 dxc3 25. bxc3 Rb5 26. g4 g5 27. f5 Rc5 28. Ra3 Be6 29. Rf3 Rd8 30. Qe1 Nc6 31. f6 Ne5 32. fxg7 Nxf3 33. Bxf3 Qf4 34. c4 Bxc4 35. Re3 Rd3 36. Kg2 Kxg7 37. Rxd3 Bxd3 38. Nf2 Bc4 39. Qd1 Qe5 40. Qd7+ Bf7 41. Bd1 Rc3 42. Ba4 Rg3+ 43. Kf1 Qc3 44. Bd1 Qf6 45. Qc7 Rxh3 46. Qxa5 Rh1+ 47. Kg2 Rh2+ 48. Kxh2 Qxf2+ 49. Kh3 Qf1+ 50. Kg3 Qxd1 51. Qe5+ Kh7 52. Qe7 Qe1+ 53. Kg2 Qe2+ 54. Kg3 Qe3+ 55. Kg2 Qf4 56. Kh3 Qf3+ 57. Kh2 Qf2+ 0-1

[Event "Sukhumi"]
[Site "Sukhumi GEO"]
[Date "1972.08.20"]
[Round "4"]
[White "Suttles, Duncan"]
[Black "Taimanov, Mark E"]
[Result "1/2-1/2"]
[WhiteElo "2470"]
[BlackElo "2590"]
[PlyCount "90"]
[EventDate "1972.08.16"]
[Source "www.chesslib.no"]
[SourceDate "2004.05.04"]

1. e4 c5 2. Nc3 g6 3. g3 Bg7 4. Bg2 Nc6 5. d3 d6 6. Be3 Nf6 7. h3 O-O 8. Qd2 Nd4 9. Nd1 d5 10. c3 Ne6 11. f4 d4 12. Bf2 Rb8 13. c4 a6 14. b3 b5 15. g4 bxc4 16. bxc4 Rb4 17. Ne2 Nd7 18. h4 Bb7 19. Rh2 Qb6 20. h5 Rb8 21. hxg6 fxg6 22. Bg3 Nef8 23. Bf3 Bc6 24. Kf2 Ba4 25. Kg2 Bxd1 26. Qxd1 Rb2 27. g5 Qa5 28. Be1 Qa3 29. Kg3 Nb6 30. e5 Na4 31. Be4 e6 32. Bc6 Nb6 33. Kg4 Nc8 34. Kh3 Ne7 35. Be4 Nf5 36. Qc1 Qa4 37. Ng3 Rxh2+ 38. Kxh2 h6 39. gxh6 Bxh6 40. Bd2 Nd7 41. Bf3 Kf7 42. Nxf5 gxf5 43. Kg3 Ke7 44. Kf2 Rh8 45. Bd1 Qc6 1/2-1/2

[Event "It"]
[Site "Nettetal it"]
[Date "1994.??.??"]
[Round "?"]
[White "Christiansen, Larry M"]
[Black "Winants, Luc"]
[Result "1-0"]
[WhiteElo "2560"]
[BlackElo "2495"]
[PlyCount "71"]
[EventDate "1994.??.??"]
[Source "www.chesslib.no"]
[SourceDate "2004.05.04"]

1. e4 c5 2. Nc3 Nc6 3. g3 g6 4. Bg2 Bg7 5. d3 d6 6. Be3 e6 7. Qd2 Rb8 8. Nf3 b5 9. O-O b4 10. Nd1 Nge7 11. Bh6 O-O 12. Bxg7 Kxg7 13. Nh4 d5 14. exd5 Nxd5 15. Ne3 Nce7 16. Rae1 Bb7 17. Ng4 Ng8 18. Ne3 Nb6 19. f4 Ne7 20. Rf2 Bxg2 21. Kxg2 Kh8 22. Nf3 Ned5 23. Ng4 Qc7 24. Nge5 Rbd8 25. Ng5 Qb7 26. Kg1 Na4 27. g4 Nxb2 28. f5 gxf5 29. gxf5 f6 30. fxe6 fxe5 31. Nf7+ Rxf7 32. exf7 Qe7 33. Qh6 Qf8 34. Qe6 Qg7+ 35. Kh1 h6 36. Rg1 1-0

[Event "Hannover"]
[Site "Hannover"]
[Date "1983.??.??"]
[Round "14"]
[White "Lobron, Eric"]
[Black "Sosonko, Gennadi"]
[Result "1/2-1/2"]
[WhiteElo "2480"]
[BlackElo "2575"]
[PlyCount "44"]
[EventDate "1983.08.??"]
[Source "ChessBase"]

1. e4 c5 2. Nc3 Nc6 3. g3 g6 4. Bg2 Bg7 5. d3 d6 6. Be3 Rb8 7. Qd2 b5 8. Nge2 Nd4 9. O-O b4 10. Nd1 e6 11. Nc1 Nc6 12. a3 a5 13. axb4 axb4 14. c3 bxc3 15. bxc3 Nge7 16. Bh6 O-O 17. Bxg7 Kxg7 18. Ne3 d5 19. exd5 exd5 20. Ne2 d4 21. cxd4 Nxd4 22. Nxd4 Qxd4 1/2-1/2

[Event "Cap d'Agde Open"]
[Site "Cap d'Agde FRA"]
[Date "1994.??.??"]
[Round "?"]
[White "Giorgadze, Giorgi"]
[Black "Beshukov, Sergei"]
[Result "1/2-1/2"]
[WhiteElo "2565"]
[BlackElo "2480"]
[PlyCount "71"]
[EventDate "1994.10.??"]
[Source "www.chesslib.no"]
[SourceDate "2004.05.04"]

1. e4 c5 2. Nc3 Nc6 3. g3 g6 4. Bg2 Bg7 5. d3 d6 6. Be3 Rb8 7. Qd2 b5 8. f4 b4 9. Nd1 e5 10. Nf3 exf4 11. Bxf4 Nge7 12. Bh6 O-O 13. O-O f6 14. Bxg7 Kxg7 15. a3 a5 16. axb4 axb4 17. Ne3 Be6 18. Ra6 Rb6 19. Ra4 Ne5 20. d4 Nc4 21. Nxc4 Bxc4 22. Rd1 Qc7 23. Qe3 Bb5 24. Raa1 Re8 25. Qf2 Ra6 26. Rxa6 Bxa6 27. g4 Ng8 28. Re1 Bb7 29. Nd2 cxd4 30. Qxd4 Qc5 31. Qxc5 dxc5 32. Nb3 Re5 33. Na5 Bc8 34. h3 h5 35. gxh5 Rxh5 36. Re3 1/2-1/2

[Event "Brasilia"]
[Site "Brasilia"]
[Date "1981.??.??"]
[Round "?"]
[White "Ljubojevic, Ljubomir"]
[Black "Sunye Neto, Jaime"]
[Result "1-0"]
[WhiteElo "2605"]
[BlackElo "2435"]
[PlyCount "81"]
[EventDate "1981.03.??"]
[Source "ChessBase"]

1. e4 c5 2. Nc3 d6 3. g3 g6 4. Bg2 Bg7 5. d3 Nc6 6. Be3 Nf6 7. h3 O-O 8. Qd2 Nd4 9. Nce2 e5 10. c3 Nc6 11. f4 b6 12. Nf3 exf4 13. Bxf4 Ba6 14. O-O Re8 15. c4 b5 16. cxb5 Bxb5 17. Rf2 Ne5 18. Nxe5 dxe5 19. Bg5 h6 20. Bxh6 Qxd3 21. Nc3 Qxd2 22. Bxd2 Bd3 23. Bf1 Rad8 24. Bg5 Nxe4 25. Nxe4 Bxe4 26. Bxd8 Rxd8 27. Bc4 Rd7 28. Rxf7 Rxf7 29. Rf1 Bd3 30. Bxf7+ Kh7 31. Re1 e4 32. b3 Bc3 33. Kf2 Bxe1+ 34. Kxe1 g5 35. Bc4 Bb1 36. a3 Kg6 37. Kd2 Kf5 38. Kc1 Bd3 39. Bxd3 exd3 40. Kd2 Ke4 41. h4 1-0